000 00672nam a2200217Ia 4500
999 _c34496
_d34496
003 GCL
005 20240530102750.0
008 140319s9999 xx 000 0 ara d
040 _aGCL /
_cGCL
082 0 4 _a210/
_bم إ
100 1 _aمحمود بن شريف
245 1 0 _aمن حصاد المكتبة القرانية /
_cمحمود بن شريف
260 _a[S.N] :
_bالمؤسسة العربية الحديثة ،
_c1988
490 _aاسلاميات
_v0
650 0 4 _aالاسلام
650 0 4 _aالمباحث العامة
650 0 4 _aالعلوم
650 0 4 _aالاعجاز العلمى للقران
650 0 4 _aالقران
942 _2ddc
_cBK